The pacific (Record no. 553330)
[ view plain ]
| 000 -LEADER | |
|---|---|
| fixed length control field | 00243nam a22001097a 4500 |
| 082 ## - DEWEY DECIMAL CLASSIFICATION NUMBER | |
| Classification number | 909 |
| Author Mark | ETH |
| 100 ## - MAIN ENTRY--PERSONAL NAME | |
| Personal name | Etherton PT |
| 9 (RLIN) | 50585 |
| 245 ## - TITLE STATEMENT | |
| Title | The pacific |
| 526 ## - STUDY PROGRAM INFORMATION NOTE | |
| Program name | 0 |
| Interest level | 0 |
| Reading level | 0 |
| Title point value | 909_000000000000000_ETH |
| 650 ## - SUBJECT ADDED ENTRY--TOPICAL TERM | |
| Topical term or geographic name entry element | MCE |
| 9 (RLIN) | 379 |
| 942 ## - ADDED ENTRY ELEMENTS (KOHA) | |
| Source of classification or shelving scheme | |
| Koha item type | Book |
| Withdrawn status | Lost status | Source of classification or shelving scheme | Damaged status | Not for loan | Permanent Location | Current Location | Shelving location | Date acquired | Total Checkouts | Full call number | Barcode | Date last seen | Price effective from | Koha item type |
|---|---|---|---|---|---|---|---|---|---|---|---|---|---|---|
| Military College of Engineering (MCE) | Military College of Engineering (MCE) | 02/04/2015 | 909 ETH | MCE-ECP.17 | 02/04/2015 | 02/04/2015 | Book |
